Karoton / (Record no. 130253)

MARC details
000 -LEADER
fixed length control field 00627nam a22002297a 4500
005 - DATE AND TIME OF LATEST TRANSACTION
control field 20170124110109.0
010 ## - LIBRARY OF CONGRESS CONTROL NUMBER
LC control number 758901
020 ## - INTERNATIONAL STANDARD BOOK NUMBER
Terms of availability 00.00
035 ## - SYSTEM CONTROL NUMBER
System control number 758901
037 ## - SOURCE OF ACQUISITION
Source of stock number/acquisition Cen Lib/Ret
040 ## - CATALOGING SOURCE
Original cataloging agency DPL
Language of cataloging EN
082 ## - DEWEY DECIMAL CLASSIFICATION NUMBER
Classification number N
Item number FAL
100 ## - MAIN ENTRY--PERSONAL NAME
Personal name Faludy, George
9 (RLIN) 28713
245 ## - TITLE STATEMENT
Title Karoton /
Statement of responsibility, etc by George Faludy; translated by Flora Papastavrou
260 ## - PUBLICATION, DISTRIBUTION, ETC. (IMPRINT)
Place of publication, distribution, etc London
Name of publisher, distributor, etc Eyre & spottiswoode
Date of publication, distribution, etc 1966
270 ## - ADDRESS
City London
Address 167 Fleet street
300 ## - PHYSICAL DESCRIPTION
Extent 303p.
Dimensions 19cm(Hb)
650 ## - SUBJECT ADDED ENTRY--TOPICAL TERM
Topical term or geographic name as entry element English literature
9 (RLIN) 28714
650 ## - SUBJECT ADDED ENTRY--TOPICAL TERM
Topical term or geographic name as entry element English novel
9 (RLIN) 14422
700 ## - ADDED ENTRY--PERSONAL NAME
9 (RLIN) 6348
Personal name Papastavrou, Flora
942 ## - ADDED ENTRY ELEMENTS (KOHA)
Source of classification or shelving scheme Dewey Decimal Classification
Koha item type English Books
Classification part N
Call number suffix FAL
Holdings
Withdrawn status Lost status Damaged status Not for loan Home library Current library Date acquired Source of acquisition Cost, normal purchase price Total Checkouts Full call number Barcode Date last seen Copy number Cost, replacement price Price effective from Koha item type Public note
Written off       Central Library Central Library 09/07/2015 Cen Lib/Ret 0.00   N FAL 758901 09/07/2015 1 0.00 09/07/2015 English Books W/d List No. 6846/6 : dtd 9/7/20

© Delhi Public Library
Hit Counter
free hit counter